000 00607nam a2200169 i 4500
001 66142
003 ES-MaACL
005 20230906165543.0
007 t|
008 040128s1970 sp ||||1| spa d
100 1 _aGadda, Carlo Emilio.
_953184
245 1 0 _aDos relatos y un ensayo
_b: estudio 128 del incendio de Via Keplero. La Adalgisa. Cómo trabajo /
_cCarlo Emilio Gadda ; [Traducción y prólogo de Francesc Serra Cantarell].
260 _a[Barcelona] :
_bTusquets,
_c[1970]
300 _a102 p. ;
_c18 cm.
700 1 _aSerra Cantarell, Francisco.
_9105625
852 _aES-MaACL
_jC-50203
_bR.75020
999 _c66142
_d66142